| 000 | 00538nam a2200181 a 4500 | ||
|---|---|---|---|
| 001 | 691 | ||
| 003 | CDMR | ||
| 005 | 20130314190050.0 | ||
| 008 | 130130s1988||||||||||||||||||||||||||||d | ||
| 020 | _a8476580800 | ||
| 040 |
_aCDMR _bcat _cCDMR |
||
| 100 | 1 |
_aGalán, Luis _9532 |
|
| 245 | 1 | 0 |
_aDespués de todo _b: recuerdos de un periodista de la Pirenaica _cLuis Galán ; prólogo de M. Vázquez Montalbán |
| 260 |
_aBarcelona _c1988 _bAnthropos |
||
| 490 | 0 |
_aMemoria rota _v15 |
|
| 700 | 1 |
_9766 _aVázquez Montalbán, Manuel |
|
| 942 |
_cMON _2udc |
||
| 999 |
_c691 _d691 |
||